Agni-purāṇa / (Record no. 82910)
[ view plain ]
| 000 -LEADER | |
|---|---|
| fixed length control field | 00709cam a22002291a 4500 |
| 001 - CONTROL NUMBER | |
| control field | sa 68009454 |
| 003 - CONTROL NUMBER IDENTIFIER | |
| control field | DLC |
| 005 - DATE AND TIME OF LATEST TRANSACTION | |
| control field | 20260227112542.0 |
| 008 - FIXED-LENGTH DATA ELEMENTS--GENERAL INFORMATION | |
| fixed length control field | 830523s1968 ii 000 0 hin |
| 010 ## - LIBRARY OF CONGRESS CONTROL NUMBER | |
| LC control number | sa 68009454 |
| 035 ## - SYSTEM CONTROL NUMBER | |
| System control number | (OCoLC)9538134 |
| 040 ## - CATALOGING SOURCE | |
| Original cataloging agency | DLC |
| Transcribing agency | AzU |
| Modifying agency | NN |
| -- | DLC |
| 041 0# - LANGUAGE CODE | |
| Language code of text/sound track or separate title | hinsan |
| 050 00 - LIBRARY OF CONGRESS CALL NUMBER | |
| Classification number | PK3621 |
| Item number | .A7 1968 |
| 130 0# - MAIN ENTRY--UNIFORM TITLE | |
| Uniform title | Puranas. |
| Name of part/section of a work | Agnipurāṇa. |
| Language of a work | Hindi & Sanskrit. |
| 245 10 - TITLE STATEMENT | |
| Title | Agni-purāṇa / |
| Statement of responsibility, etc. | sampādaka Śrīrāma Śarmā Ācārya. |
| 250 ## - EDITION STATEMENT | |
| Edition statement | 1. saṃskaraṇa. |
| 260 ## - PUBLICATION, DISTRIBUTION, ETC. | |
| Place of publication, distribution, etc. | Barelī : |
| Name of publisher, distributor, etc. | Saṃskr̥ti Saṃsthāna, |
| Date of publication, distribution, etc. | 1968. |
| 300 ## - PHYSICAL DESCRIPTION | |
| Extent | 2 v. ; |
| Dimensions | 19 cm. |
| 546 ## - LANGUAGE NOTE | |
| Language note | Hindi and Sanskrit ; introduction in Hindi. |
| 700 1# - ADDED ENTRY--PERSONAL NAME | |
| Personal name | Śarmā, Śrīrāma, |
| Titles and other words associated with a name | Ācārya, |
| Dates associated with a name | 1911-1990. |
No items available.